Revista Innovacin̤ Empresarial

Detalles Bibliográficos
Formato: eBook
Lenguaje:español
Publicado: [s.l.] : Unisabaneta, 2015 -
Materias:
Acceso en línea:Acceso restringido

MARC

LEADER 00000nam a22000007a 4500
005 20170519135034.0
007 cr|||| ||||
008 170519c20159999co ar|| s|||| 0|||b1spa d
022 |a 2462-9987 
035 |a 14735 
040 |a vLex 
090 |c 6680  |d 6680 
245 0 0 |a Revista Innovacin̤ Empresarial  |h [Recurso electrn̤ico] 
256 |a Servicio en ln̕ea 
260 |a [s.l.] :  |b Unisabaneta,  |c 2015 -  
300 |a 1 recurso electrn̤ico 
362 |a Nm︢. 1 (2015) - 
506 0 |a Contenido disponible en los productos indicados  |d vLex Global  |d vLex Global (Academic Edition, excluding Law Schools)  |d vLex Global (U.S. Academic Edition, Law Schools)  |d vLex Global (U.S. Academic Edition, excluding Law Schools)  |d vLex Global (Academic Edition, Law Schools) 
650 0 4 |a Empresas  |x Innovaciones tecnolg̤icas  |z Colombia 
740 0 |a vLex Revistas (Servicio en ln̕ea) 
856 4 0 |u http://vlex.com/source/revista-innovacion-empresarial-14735  |z Acceso restringido 
942 |c REV 
999 0 |a Business enterprises-- Technological innovations